| 000 | 00457cam a22001097a 4500 | ||
|---|---|---|---|
| 008 | 180718b1997 xxu||||| |||| 00| 0 eng d | ||
| 082 | _aI27x54 In2/1947-1997 | ||
| 245 |
_aCouncil of ministers (1947-1997), names and portfolios of the members of the union council of ministers from 15 August, 1947 to 30 September, 1997 _cby Lok Sabha Secretariat |
||
| 260 |
_aNew Delhi _bLok Sabha Secretariat _c1997 |
||
| 300 | _a161p. | ||
| 700 | _aIndia. Lok Sabha Secretariat | ||
| 999 |
_c486769 _d486769 |
||